01902nam a2200397 i 4500001001000000003000900010005001700019007000300036008004100039040003000080041000800110082002700118100005400145245006500199250002300264264008400287300002800371336002800399337003400427338003000461490006900491490002900560500006300589504007300652590002600725651005000751651005400801651007000855710005100925830007600976830003501052942001401087952018001101952020601281999001701487000039061DO-SdBNP20260511140503.0ta090706s1988 dr r 000 0 spa d aDO-SdBNPbspacBNPHUerda aspa 4a320.98bS211e 19882221 aSánchez Hernández, Antonioeautor4aut.9974610aEnsayos socioeconómicos / bAntonio Sánchez Hernández. aSegunda edición  4aSanto Domingo, República Dominicana : bEditora Universitaria-UASD,c©1988. a306 páginas ;c20 cm. atextobtxt2rdacontent  asin mediaciónbn2rdamedia  avolumen bnc2rdacarrier 1 aPublicaciones de la Universidad Autónoma de Santo Domingov3621 aEconomía y sociedadv2 aIncluye datos biográficos del autor en la contracubierta aIncluye referencias bibliográficas y notas al pie de las páginas aInventariado, 2022/BT 4aAmérica LatinaxPolítica y gobierno92618 0aRepública DominicanaxPolítica y gobierno945 4aRepública DominicanaxCondiciones económicasy1930-1961997471 aUniversidad Autónoma de Santo Domingo972951 0aPublicaciones de la Universidad Autónoma de Santo Domingon362965293 0aEconomía y sociedadn299749 2ddccLBS1 00102ddc51708PDaBNPHUbBNPHUcHDd2013-05-17oBNPHU PD 320.98 S211e 1988p39061-10r2020-06-25w2020-06-25yLBS1zPerteneció a la biblioteca personal de Erick Landestoy 00102ddc51708PDaBNPHUbBNPHUcHDd2015-04-14eDonaciónoBNPHU PD 320.98 S211e 1988p39061-20r2020-06-25te. 2w2020-06-25yLBS1zPerteneció a la biblioteca personal de la familia Reyes Duluc. c38551d38551